Economic inregration in South Asia : (Record no. 38291)

MARC details
000 -LEADER
fixed length control field 00908nam a22002297a 4500
005 - DATE AND TIME OF LATEST TRANSACTION
control field 20100730145419.0
010 ## - LCCN (DPL NO)
LC control number ENG-97469
020 ## - INTERNATIONAL STANDARD BOOK NUMBER
International Standard Book Number 9788131729458
Terms of availability 600.00
035 ## - SYSTEM CONTROL NUMBER
System control number EN-81002
037 ## - SOURCE OF ACQUISITION
Source of stock number/acquisition DBAD/PUB
082 ## - DEWEY DECIMAL CLASSIFICATION NUMBER
Classification number 337.154
100 ## - MAIN ENTRY--PERSONAL NAME
Personal name Islam, Muinul
245 ## - TITLE STATEMENT
Title Economic inregration in South Asia :
Statement of responsibility, etc by Muinul Islam, Nitai Chandra Nag ; edited by Qazi Kholiquzzaman Ahmad /
Remainder of title issues and pathways
260 ## - PUBLICATION, DISTRIBUTION, ETC. (IMPRINT)
Place of publication, distribution, etc New Delhi
Name of publisher, distributor, etc Pearson Education
Date of publication, distribution, etc 2010
270 ## - ADDRESS
Address 14 Local Shopping Centre, Panchasheel Park
City New Delhi
Postal code 110017
300 ## - PHYSICAL DESCRIPTION
Extent xlvi, 297 p.
Dimensions 25cm (Hb)
500 ## - GENERAL NOTE
General note Includes index
700 ## - ADDED ENTRY--PERSONAL NAME
9 (RLIN) 2660
Personal name Nag, Nitai Chandra
700 ## - ADDED ENTRY--PERSONAL NAME
Personal name Ahmad, Qazi Kholiquzzaman
9 (RLIN) 2725
942 ## - ADDED ENTRY ELEMENTS (KOHA)
Source of classification or shelving scheme Dewey Decimal Classification
Item type English Books
Call number suffix ISL
Classification part 337.154
Holdings
Withdrawn status Lost status Not for loan Collection code Home library Current library Date acquired Cost, normal purchase price Full call number Barcode Copy number Cost, replacement price Koha item type
    Not For Loan Non-fiction D.B.Act.Division D.B.Act.Division 30/07/2010 600.00 337.154 ISL EN-81002 1 600.00 English Books

© Delhi Public Library
Hit Counter
free hit counter